New Orleans Saints Trivia - Statistics

General Stats
  • This quiz has been taken 2,453 times
    1,110 since last reset
  • The average score is 12 of 16
Answer Stats
Hint Answer % Correct
The Saints all-time leader in passing yards and touchdowns Drew Brees
100%
Head coach from 2006–2021 Sean Payton
91%
All-time rushing yards leader (2011–2022) Mark Ingram
90%
Hurricane during which that stadium served as a refuge for thousands of people Hurricane Katrina
86%
Manning family member who played quarterback for the Saints {Archie} Manning
84%
Receiver who set the NFL record for most single-season receptions in 2019 Michael Thomas
82%
The Saints' home stadium The Superdome
79%
USC running back who the Saints chose with the 2nd pick in 2006 draft Reggie Bush
71%
How Saints fans spell "Go Saints" {Geaux} Saints
68%
Former basketball player who caught 51 touchdowns as a Saints tight end Jimmy Graham
68%
Fill in the blank: "___ ___ say gonna beat dem Saints" Who dat
67%
The Saints' all time leader in rushing yards who has played with the team since 2012 Alvin Kamara
65%
Scandal involving a coach who gave awards for injuring opposing players {Bounty}gate
59%
All-time receiving yards leader (2006–2015) Marques Colston
55%
Running back who was the Saints only pick in the 1999 draft, after they traded away all their other picks to get him Ricky Williams
53%
5'6" running back who set an NFL record with 2,696 all-purpose yards in 2011 Darren Sproles
49%
No matching quizzes found
Score Distribution
Percent of People with Each Score
Percentile by Number Answered
Your Score History
You have not taken this quiz since the last reset